000
00195nam a22000857a 4500
008
170220b xxu||||| |||| 00| 0 eng d
100
_9
2932
_a
Shelly.M.
245
_a
Frankentein
260
_a
London
_c
1994
999
_c
6173
_d
6173